Análisis regional de las exportaciones chilenas 2000
Αποθηκεύτηκε σε:
| Κύριοι συγγραφείς: | , , , , |
|---|---|
| Μορφή: | Βιβλίο |
| Γλώσσα: | Ισπανικά |
| Έκδοση: |
Santiago
Prochile
2000
|
| Θέματα: | |
| Ετικέτες: |
Προσθήκη ετικέτας
Δεν υπάρχουν, Καταχωρήστε ετικέτα πρώτοι!
|
MARC
| LEADER | 00000nam a2200000 a 4500 | ||
|---|---|---|---|
| 001 | UCO9525 | ||
| 003 | CL-VaPUC | ||
| 008 | 010302e20000000CL |||||||||||||||||spa|d | ||
| 082 | 0 | 4 | |a 382.610983 |b NOD |2 21 |
| 100 | |a Noda, Patricia |e autora |9 454769 | ||
| 700 | 0 | |a Meyer, Marichu |e author |9 454770 | |
| 700 | 0 | |a Burgos, Juan Carlos |e author |9 454771 | |
| 700 | 0 | |a Plaza, Lorena |e author |9 454772 | |
| 700 | 0 | |a Hernández, Pablo |e author |9 454773 | |
| 245 | 1 | 0 | |a Análisis regional de las exportaciones chilenas 2000 |
| 300 | |a 239 p | ||
| 942 | |c BK | ||
| 945 | |d 20010302 00:00:00 |a cmena | ||
| 260 | |a Santiago |b Prochile |c 2000 | ||
| 650 | 7 | |a EXPORTACIONES - CHILE |2 CL-VaPUC |9 454774 | |
| 650 | 0 | |a Comercio exterior |9 257617 | |
| 650 | 0 | |a Regionalización |9 255465 | |
| 650 | 7 | |a SECTORES PRODUCTIVOS |2 CL-VaPUC |9 454775 | |
| 650 | 0 | |a Empresas |9 255569 | |
| 650 | 0 | |a Análisis de mercados |9 414441 | |
| 650 | 7 | |a EXPORTACIONES NO TRADICIONALES |2 CL-VaPUC |9 454776 | |
| 583 | |a last modification |c 20010302 00:00:00 |k Rodrigo Vera | ||
| 999 | |c 293728 |d 293726 | ||
| 952 | |0 0 |1 0 |4 0 |6 382_610983000000000_NOD_2000 |7 0 |8 A |9 345433 |a BIBGIM |b BIBGIM |d 2019-11-20 |i 3672956 |o 382.610983 NOD 2000 |p 3672956 |r 2025-01-15 |w 2019-11-20 |y BK |k GIM | ||